[Event "WYCC Open U16"]
[Site "Porto Carras"]
[Date "2015.11.01"]
[Round "7.16"]
[White "Der Manuelian, Haik O"]
[Black "Murtazin, Bulat"]
[Result "0-1"]
[BlackElo "2384"]
[WhiteElo "2163"]
[LiveChessVersion "1.4.6"]

1. e4 {[%clk 1:30:59]} e6 {[%clk 1:30:52]} 2. d4 {[%clk 1:31:24]} d5
{[%clk 1:31:18]} 3. Nc3 {[%clk 1:31:51]} Nf6 {[%clk 1:31:42]} 4. Bg5
{[%clk 1:32:16]} Bb4 {[%clk 1:32:06]} 5. e5 {[%clk 1:32:30]} h6 {[%clk 1:32:27]}
6. Bd2 {[%clk 1:32:49]} Bxc3 {[%clk 1:32:49]} 7. bxc3 {[%clk 1:33:12]} Ne4
{[%clk 1:33:14]} 8. Qg4 {[%clk 1:33:38]} Kf8 {[%clk 1:33:38]} 9. Qf4
{[%clk 1:32:14]} c5 {[%clk 1:33:43]} 10. Nf3 {[%clk 1:29:31]} Nc6
{[%clk 1:33:28]} 11. Bd3 {[%clk 1:28:48]} Nxd2 {[%clk 1:33:50]} 12. Qxd2
{[%clk 1:28:55]} c4 {[%clk 1:31:37]} 13. Be2 {[%clk 1:29:06]} b5 {[%clk 1:22:22]}
14. O-O {[%clk 1:24:27]} a5 {[%clk 1:21:38]} 15. h4 {[%clk 1:21:06]} Bd7
{[%clk 1:20:24]} 16. h5 {[%clk 1:20:21]} Qe7 17. a3 Ke8 {[%clk 0:49:06]} 18. Qf4
{[%clk 1:15:38]} Kd8 {[%clk 0:46:39]} 19. Qg4 {[%clk 1:14:48]} Rg8
{[%clk 0:46:16]} 20. Nh4 {[%clk 1:11:38]} Kc7 {[%clk 0:45:02]} 21. f4
{[%clk 1:11:21]} b4 {[%clk 0:44:42]} 22. axb4 {[%clk 1:05:42]} axb4
{[%clk 0:45:06]} 23. Nf3 {[%clk 1:05:58]} Rxa1 {[%clk 0:38:06]} 24. Rxa1
{[%clk 1:06:27]} bxc3 {[%clk 0:38:29]} 25. Qg3 {[%clk 1:02:40]} Qb4
{[%clk 0:38:12]} 26. Rd1 {[%clk 1:03:04]} Qb2 {[%clk 0:35:40]} 27. Ne1
{[%clk 1:03:32]} Nb4 {[%clk 0:35:12]} 28. Bxc4 {[%clk 1:03:04]} dxc4
{[%clk 0:35:15]} 29. d5 {[%clk 1:03:30]} Nxd5 {[%clk 0:35:38]} 30. Kh2
{[%clk 1:03:01]} Qb6 {[%clk 0:34:52]} 31. f5 {[%clk 1:02:57]} Qe3
{[%clk 0:35:09]} 32. Nf3 {[%clk 1:02:33]} Qf4 {[%clk 0:34:35]} 33. Qxf4
{[%clk 1:02:59]} Nxf4 {[%clk 0:35:02]} 34. Rd4 {[%clk 1:03:24]} Nd5
{[%clk 0:35:15]} 35. Rxc4+ {[%clk 1:03:44]} Kb6 {[%clk 0:35:33]} 0-1

[Event "WYCC Open U16"]
[Site "Porto Carras"]
[Date "2015.11.01"]
[Round "7.17"]
[White "Morozov, Nichita"]
[Black "Livaic, Leon"]
[Result "1/2-1/2"]
[BlackElo "2372"]
[WhiteElo "2281"]
[LiveChessVersion "1.4.6"]

1. d4 {[%clk 1:30:55]} d5 {[%clk 1:30:56]} 2. c4 {[%clk 1:31:11]} e6
{[%clk 1:31:22]} 3. Nc3 {[%clk 1:31:26]} Nf6 {[%clk 1:31:46]} 4. Nf3
{[%clk 1:31:13]} Be7 {[%clk 1:32:07]} 5. Bf4 {[%clk 1:31:25]} O-O
{[%clk 1:32:15]} 6. a3 {[%clk 1:31:51]} b6 {[%clk 1:29:13]} 7. e3
{[%clk 1:31:51]} Bb7 {[%clk 1:27:59]} 8. cxd5 {[%clk 1:31:28]} exd5
{[%clk 1:27:53]} 9. Bd3 {[%clk 1:31:42]} c5 {[%clk 1:21:01]} 10. O-O
{[%clk 1:30:47]} Nbd7 {[%clk 1:17:52]} 11. h3 {[%clk 1:26:19]} a6
{[%clk 1:14:52]} 12. Rc1 {[%clk 1:19:54]} Ne4 {[%clk 1:08:45]} 13. Qe2
{[%clk 1:17:28]} Ndf6 {[%clk 1:04:57]} 14. Ne5 {[%clk 1:15:29]} Nxc3
{[%clk 1:03:33]} 15. Rxc3 {[%clk 1:14:26]} c4 {[%clk 1:03:27]} 16. Bb1
{[%clk 1:12:13]} b5 {[%clk 1:03:27]} 17. Rcc1 {[%clk 1:11:38]} a5
{[%clk 0:58:23]} 18. Qf3 {[%clk 1:04:59]} Ne4 {[%clk 0:46:09]} 19. Bc2
{[%clk 0:45:05]} f6 {[%clk 0:41:52]} 20. Ng4 {[%clk 0:45:26]} Nd2
{[%clk 0:23:46]} 21. Qg3 {[%clk 0:45:51]} Nxf1 {[%clk 0:24:01]} 22. Rxf1
{[%clk 0:46:00]} Kh8 {[%clk 0:23:52]} 23. Rd1 {[%clk 0:35:05]} Qe8
{[%clk 0:17:40]} 24. f3 {[%clk 0:33:55]} h5 {[%clk 0:15:13]} 25. Nf2
{[%clk 0:32:32]} g5 {[%clk 0:14:20]} 26. Bc7 {[%clk 0:30:16]} h4 {[%clk 0:13:38]}
27. Qg4 {[%clk 0:29:10]} Bc8 {[%clk 0:13:53]} 28. Bf5 {[%clk 0:29:37]} Kg7
{[%clk 0:10:40]} 29. Bh2 {[%clk 0:27:10]} Bxf5 {[%clk 0:08:38]} 30. Qxf5
{[%clk 0:27:37]} Rd8 {[%clk 0:08:25]} 31. f4 {[%clk 0:26:40]} Qd7
{[%clk 0:08:03]} 32. Qc2 {[%clk 0:27:04]} Bd6 {[%clk 0:06:15]} 33. e4
{[%clk 0:26:44]} dxe4 {[%clk 0:05:45]} 34. Nxe4 {[%clk 0:22:13]} Qf5
{[%clk 0:05:19]} 35. Qe2 {[%clk 0:22:33]} Bxf4 {[%clk 0:04:51]} 36. Bxf4
{[%clk 0:22:22]} Rfe8 {[%clk 0:02:04]} 37. Be5 fxe5 {[%clk 0:02:01]} 38. Rf1
{[%clk 0:22:48]} Qg6 {[%clk 0:01:20]} 39. Rf6 {[%clk 0:23:13]} Qxf6
{[%clk 0:01:15]} 40. Nxf6 {[%clk 0:53:38]} Kxf6 {[%clk 0:31:40]} 41. Qf3+
{[%clk 0:53:01]} Kg7 {[%clk 0:26:19]} 42. dxe5 {[%clk 0:52:48]} Rxe5
{[%clk 0:24:37]} 43. Qc3 {[%clk 0:53:08]} Kf6 {[%clk 0:23:10]} 44. Qxa5
{[%clk 0:52:40]} Rd1+ {[%clk 0:22:57]} 45. Kf2 {[%clk 0:52:54]} Rd6
{[%clk 0:21:37]} 46. Qb4 {[%clk 0:45:28]} Rf5+ {[%clk 0:20:31]} 47. Ke2
{[%clk 0:42:08]} Re6+ {[%clk 0:20:17]} 48. Kd1 {[%clk 0:41:16]} Rd5+
{[%clk 0:20:04]} 49. Kc1 {[%clk 0:41:25]} Kf7 {[%clk 0:19:01]} 50. a4
{[%clk 0:41:36]} Ree5 {[%clk 0:08:57]} 51. a5 {[%clk 0:41:21]} Re6
{[%clk 0:09:05]} 52. Qc3 {[%clk 0:40:31]} Rf5 {[%clk 0:07:24]} 53. Qd4
{[%clk 0:37:50]} Kg6 {[%clk 0:06:14]} 54. Kc2 {[%clk 0:34:22]} Ra6
{[%clk 0:04:32]} 55. Kc3 {[%clk 0:25:10]} b4+ {[%clk 0:04:30]} 56. Kxb4
{[%clk 0:25:35]} Rfxa5 {[%clk 0:04:25]} 57. Qe4+ {[%clk 0:25:59]} Kh6
{[%clk 0:04:36]} 58. Qb7 {[%clk 0:25:44]} Ra4+ {[%clk 0:04:44]} 59. Kc3
{[%clk 0:26:08]} Kg6 {[%clk 0:04:53]} 60. Qc8 {[%clk 0:25:46]} Kh6
{[%clk 0:05:09]} 61. Qg4 {[%clk 0:25:56]} Rb6 {[%clk 0:03:56]} 62. Qd7
{[%clk 0:25:56]} Rab4 {[%clk 0:03:29]} 63. Qe8 {[%clk 0:26:08]} 1/2-1/2

[Event "WYCC Open U16"]
[Site "Porto Carras"]
[Date "2015.11.01"]
[Round "7.18"]
[White "Bunyatov, Rustam"]
[Black "Marosi, Levente"]
[Result "0-1"]
[BlackElo "2174"]
[WhiteElo "2342"]
[LiveChessVersion "1.4.6"]

1. e4 {[%clk 1:30:59]} c5 {[%clk 1:30:44]} 2. Nf3 {[%clk 1:31:26]} Nc6
{[%clk 1:28:29]} 3. Bb5 {[%clk 1:31:50]} g6 {[%clk 1:27:57]} 4. O-O
{[%clk 1:31:41]} Bg7 {[%clk 1:28:21]} 5. Re1 {[%clk 1:32:01]} e5 {[%clk 1:22:00]}
6. Nc3 {[%clk 1:31:19]} Nge7 {[%clk 1:22:18]} 7. Nd5 {[%clk 1:30:42]} a6
{[%clk 1:16:54]} 8. Bf1 {[%clk 1:30:57]} d6 {[%clk 1:16:58]} 9. d3
{[%clk 1:30:15]} O-O {[%clk 1:15:45]} 10. a3 {[%clk 1:30:14]} Be6
{[%clk 1:12:52]} 11. c4 {[%clk 1:30:19]} Nd4 {[%clk 1:07:50]} 12. Nxd4
{[%clk 1:30:15]} cxd4 {[%clk 1:06:42]} 13. f4 {[%clk 1:30:18]} Nxd5
{[%clk 0:56:54]} 14. cxd5 {[%clk 1:29:53]} Bd7 {[%clk 0:56:58]} 15. Qb3
{[%clk 1:29:59]} Qa5 {[%clk 0:54:11]} 16. Re2 {[%clk 1:24:41]} Qb5
{[%clk 0:48:43]} 17. Qxb5 {[%clk 1:22:05]} Bxb5 {[%clk 0:49:09]} 18. Rf2
{[%clk 1:22:26]} Rfc8 {[%clk 0:40:54]} 19. Bd2 {[%clk 1:22:23]} a5
{[%clk 0:41:19]} 20. Rc1 {[%clk 1:21:53]} Rxc1 {[%clk 0:39:14]} 21. Bxc1
{[%clk 1:22:12]} Rc8 {[%clk 0:37:06]} 22. Bd2 {[%clk 1:22:36]} b6
{[%clk 0:37:31]} 23. fxe5 {[%clk 1:21:20]} Bxe5 {[%clk 0:36:05]} 24. Bh6
{[%clk 1:21:11]} f6 {[%clk 0:34:39]} 25. g3 {[%clk 1:20:48]} Rc7 {[%clk 0:30:19]}
26. Kg2 {[%clk 1:20:41]} Ba4 {[%clk 0:26:30]} 27. Kf3 {[%clk 1:17:38]} Kf7
{[%clk 0:25:45]} 28. Bd2 {[%clk 1:16:17]} Bd1+ {[%clk 0:21:56]} 29. Be2
{[%clk 1:14:02]} Bb3 {[%clk 0:21:44]} 30. Bf1 {[%clk 1:13:43]} Bd1+
{[%clk 0:13:51]} 31. Kg2 {[%clk 1:12:56]} Bb3 {[%clk 0:13:44]} 32. h4
{[%clk 1:12:14]} Kg7 {[%clk 0:13:07]} 33. Kf3 {[%clk 1:09:21]} h6
{[%clk 0:09:40]} 34. Bf4 {[%clk 1:07:36]} Bd1+ {[%clk 0:07:31]} 35. Be2
{[%clk 1:06:40]} Bb3 {[%clk 0:07:58]} 36. Bf1 {[%clk 1:07:03]} Bxf4
{[%clk 0:03:26]} 37. gxf4 {[%clk 1:04:27]} Rc1 {[%clk 0:03:47]} 38. Kg2
{[%clk 1:02:47]} b5 {[%clk 0:03:14]} 39. Rd2 {[%clk 1:02:42]} Kf7
{[%clk 0:02:36]} 40. Be2 {[%clk 1:32:51]} b4 {[%clk 0:31:50]} 41. axb4
{[%clk 1:32:57]} axb4 {[%clk 0:31:32]} 42. Bf3 {[%clk 1:33:09]} Ke7
{[%clk 0:29:26]} 43. Rf2 {[%clk 1:33:13]} Bc2 {[%clk 0:24:27]} 44. e5
{[%clk 1:27:20]} Bxd3 {[%clk 0:18:36]} 45. e6 {[%clk 1:26:58]} b3
{[%clk 0:14:57]} 46. Rd2 {[%clk 1:26:54]} Rc2 {[%clk 0:15:19]} 47. Rf2
{[%clk 1:27:22]} f5 {[%clk 0:11:20]} 48. Kg3 {[%clk 1:26:27]} Bc4
{[%clk 0:11:28]} 49. h5 {[%clk 1:24:55]} gxh5 {[%clk 0:11:34]} 50. Rh2
{[%clk 1:25:20]} Rxh2 {[%clk 0:07:28]} 51. Kxh2 {[%clk 1:25:49]} d3
{[%clk 0:07:49]} 52. Kg3 {[%clk 1:26:15]} d2 {[%clk 0:08:05]} 53. Kf2
{[%clk 1:26:41]} Bxd5 {[%clk 0:08:28]} 54. Bxh5 {[%clk 1:27:04]} Kxe6
{[%clk 0:08:28]} 55. Ke3 {[%clk 1:27:27]} Bc4 {[%clk 0:04:06]} 56. Kxd2
{[%clk 1:27:52]} Kd5 {[%clk 0:04:08]} 57. Ke3 {[%clk 1:28:19]} Kc5
{[%clk 0:04:21]} 58. Bg6 {[%clk 1:27:40]} Be6 {[%clk 0:04:47]} 59. Bh5
{[%clk 1:28:02]} d5 {[%clk 0:04:58]} 60. Bg6 {[%clk 1:28:27]} d4+
{[%clk 0:05:21]} 61. Kd3 {[%clk 1:28:52]} Bd7 {[%clk 0:03:01]} 62. Bf7
{[%clk 1:28:57]} Bb5+ {[%clk 0:03:26]} 63. Kd2 {[%clk 1:29:21]} Bc4
{[%clk 0:02:11]} 64. Bg6 {[%clk 1:29:47]} Be6 {[%clk 0:02:35]} 65. Kd3
{[%clk 1:30:14]} Bd7 {[%clk 0:02:00]} 66. Bf7 {[%clk 1:30:41]} Bb5+
{[%clk 0:02:24]} 67. Kd2 {[%clk 1:31:05]} Bc6 {[%clk 0:01:04]} 68. Ke2
{[%clk 1:28:20]} Bd5 {[%clk 0:01:17]} 69. Bg6 {[%clk 1:28:43]} Be4
{[%clk 0:01:46]} 70. Bf7 {[%clk 1:29:03]} Bc2 {[%clk 0:02:04]} 71. Kd2
{[%clk 1:28:55]} Kd6 {[%clk 0:02:27]} 72. Ke2 {[%clk 1:29:07]} Ke7
{[%clk 0:02:48]} 73. Bh5 {[%clk 1:29:24]} Ke6 {[%clk 0:02:56]} 74. Kd2
{[%clk 1:29:08]} Kd5 {[%clk 0:02:30]} 75. Bf3+ {[%clk 1:29:36]} Be4
{[%clk 0:01:40]} 76. Bd1 {[%clk 1:30:03]} Bg2 {[%clk 0:01:02]} 77. Bxb3+
{[%clk 1:30:20]} Ke4 {[%clk 0:01:28]} 78. Ke2 {[%clk 1:30:09]} Kxf4
{[%clk 0:01:55]} 79. Kf2 {[%clk 1:30:37]} Be4 {[%clk 0:02:17]} 80. Bd1
{[%clk 1:31:00]} Ke5 {[%clk 0:02:04]} 81. Kg3 {[%clk 1:30:54]} Kd5
{[%clk 0:01:52]} 82. Bb3+ {[%clk 1:31:04]} Ke5 {[%clk 0:01:54]} 83. Bd1
{[%clk 1:31:30]} d3 {[%clk 0:02:01]} 84. Bh5 {[%clk 1:31:29]} f4+
{[%clk 0:01:58]} 85. Kf2 {[%clk 1:31:57]} Kd4 {[%clk 0:02:24]} 86. Bg4
{[%clk 1:32:11]} Kc4 {[%clk 0:02:30]} 87. Bd1 {[%clk 1:32:20]} Kb4
{[%clk 0:02:34]} 88. Ke1 {[%clk 1:32:39]} Kc4 {[%clk 0:01:03]} 89. Kf2
{[%clk 1:33:08]} Bc6 {[%clk 0:01:10]} 90. Ke1 {[%clk 1:33:22]} Kd4
{[%clk 0:01:23]} 91. Kf2 {[%clk 1:33:49]} Be8 {[%clk 0:01:29]} 92. b4
{[%clk 1:30:17]} Kc4 {[%clk 0:01:47]} 93. Ke1 {[%clk 1:30:39]} Kxb4
{[%clk 0:02:09]} 94. Kd2 {[%clk 1:31:07]} Kc4 {[%clk 0:02:32]} 95. Bg4
{[%clk 1:31:34]} Bg6 {[%clk 0:02:49]} 96. Be6+ {[%clk 1:32:01]} Kd4
{[%clk 0:03:17]} 0-1

[Event "WYCC Open U14"]
[Site "Porto Carras"]
[Date "2015.10.25"]
[Round "1.1"]
[White "Alexakis, Georgios"]
[Black "Tabatabaei, M.Amin"]
[Result "0-1"]
[WhiteElo "1965"]
[BlackElo "2488"]
[PlyCount "86"]
[EventDate "2015.??.??"]
[WhiteClock "0:32:30"]
[BlackClock "0:34:48"]

1. e4 c6 2. Nc3 d5 3. Nf3 Bg4 4. h3 Bxf3 5. Qxf3 Nf6 6. d3 e6 7. Bd2 Qb6 8.
O-O-O d4 9. Ne2 c5 10. g4 Nc6 11. g5 Nd7 12. Qg3 O-O-O 13. f4 c4 14. dxc4 Nc5
15. Bg2 d3 16. Nc3 Nb4 17. Be3 dxc2 18. Rxd8+ Kxd8 19. Bf1 Kc8 20. Rh2 Qa5 21.
Bxc5 Nxa2+ 22. Nxa2 Qxa2 23. Kxc2 Bxc5 24. Rd2 Qa4+ 25. Kb1 Rd8 26. Rxd8+ Kxd8
27. Qd3+ Ke7 28. f5 Qb4 29. Be2 Qe1+ 30. Ka2 Qf2 31. Bh5 g6 32. f6+ Ke8 33. Bd1
Qd4 34. Ba4+ Kd8 35. Qb3 Qxe4 36. Qb5 Qc6 37. Qb3 Qb6 38. Qd3+ Bd6 39. h4 Qb4
40. Bc2 Kc7 41. h5 Qa5+ 42. Kb1 Qxg5 43. hxg6 hxg6 0-1

[Event "WYCC Open U14"]
[Site "Porto Carras"]
[Date "2015.10.25"]
[Round "1.2"]
[White "Checa, Nicolas D"]
[Black "Kugappi, Tomi"]
[Result "1-0"]
[WhiteElo "2437"]
[BlackElo "1950"]
[PlyCount "125"]
[EventDate "2015.??.??"]
[WhiteClock "0:20:16"]
[BlackClock "0:11:57"]

1. d4 Nf6 2. c4 e6 3. Nf3 b6 4. g3 Bb7 5. Bg2 Bb4+ 6. Bd2 Bxd2+ 7. Qxd2 d5 8.
cxd5 exd5 9. O-O O-O 10. Qc2 Nbd7 11. Nc3 Rc8 12. Nb5 a6 13. Na7 Ra8 14. Nc6
Qe8 15. e3 Ne4 16. Rfc1 Ndc5 17. dxc5 Qxc6 18. Nd4 Qg6 19. cxb6 cxb6 20. Bxe4
Qxe4 21. Qc7 Bc8 22. Rc3 Bg4 23. Qf4 Rac8 24. Rb3 b5 25. f3 Qxf4 26. gxf4 Bd7
27. Ra3 Ra8 28. Rc1 Rac8 29. Rxc8 Bxc8 30. Rc3 g6 31. Kf2 Re8 32. Rc5 Be6 33.
b4 Ra8 34. a3 Kf8 35. Rc7 a5 36. Rb7 axb4 37. axb4 Ra2+ 38. Kg3 Ra3 39. f5 Bxf5
40. Rxb5 Rxe3 41. Nxf5 gxf5 42. Rxd5 Rb3 43. b5 Rb4 44. Rxf5 Kg7 45. Rg5+ Kf6
46. Rc5 Kg7 47. h4 Kf8 48. f4 Kg7 49. Kg4 Rb1 50. Kf5 Rb4 51. Kg5 Rb1 52. Rd5
Rb2 53. h5 Rg2+ 54. Kf5 Rb2 55. Ke5 Rb4 56. f5 f6+ 57. Ke6 Re4+ 58. Kd6 Kh6 59.
b6 Kxh5 60. b7 Rb4 61. Kc6 Rxb7 62. Kxb7 Kg4 63. Kc6 1-0

[Event "WYCC Open U14"]
[Site "Porto Carras"]
[Date "2015.10.25"]
[Round "1.3"]
[White "Piyumantha, M Sasith Nipun"]
[Black "Gazik, Viktor"]
[Result "0-1"]
[WhiteElo "1949"]
[BlackElo "2431"]
[PlyCount "50"]
[EventDate "2015.??.??"]
[WhiteClock "0:38:27"]
[BlackClock "0:17:10"]

1. d4 Nf6 2. c4 g6 3. f3 c5 4. d5 Bg7 5. e4 d6 6. Ne2 O-O 7. Nec3 e6 8. Be3 Re8
9. Be2 Na6 10. O-O Rb8 11. a4 Nb4 12. Na3 a6 13. Nc2 Nh5 14. f4 exd5 15. Nxb4
d4 16. Nbd5 Nf6 17. Bf2 dxc3 18. Nxc3 Nxe4 19. Nxe4 Rxe4 20. Bf3 Rxc4 21. Bd5
Rxf4 22. Bg3 Rxf1+ 23. Qxf1 Be6 24. Bxe6 fxe6 25. Qc4 Qd7 0-1

[Event "WYCC Open U14"]
[Site "Porto Carras"]
[Date "2015.10.25"]
[Round "1.4"]
[White "Nguyen, Thai Dai Van"]
[Black "Cai, Jason"]
[Result "1-0"]
[WhiteElo "2409"]
[BlackElo "1946"]
[PlyCount "61"]
[EventDate "2015.??.??"]
[WhiteClock "0:33:53"]
[BlackClock "0:14:26"]

1. e4 c5 2. Nf3 Nc6 3. d4 cxd4 4. Nxd4 Nf6 5. Nc3 e5 6. Ndb5 d6 7. Bg5 a6 8.
Na3 b5 9. Bxf6 gxf6 10. Nd5 Bg7 11. g3 Ne7 12. Bg2 Be6 13. Nxe7 Qxe7 14. c3 Rb8
15. O-O b4 16. cxb4 Rxb4 17. b3 O-O 18. Nc2 Rb5 19. Qh5 Qd7 20. Ne3 Rc8 21.
Rfd1 Rc3 22. Bf1 Ra5 23. Nc4 Bg4 24. Rxd6 Bxh5 25. Rxd7 Rc5 26. Nb6 Bh6 27. Nd5
Kg7 28. Nxc3 Rxc3 29. Bxa6 Bf3 30. Rd3 Rxd3 31. Bxd3 1-0

[Event "WYCC Open U14"]
[Site "Porto Carras"]
[Date "2015.10.25"]
[Round "1.5"]
[White "Michaelides, Konstantinos"]
[Black "Gholami, Aryan"]
[Result "0-1"]
[WhiteElo "1934"]
[BlackElo "2400"]
[PlyCount "72"]
[EventDate "2015.??.??"]
[WhiteClock "0:41:36"]
[BlackClock "1:12:13"]

1. e4 c5 2. Nc3 Nc6 3. g3 g6 4. Bg2 Bg7 5. d3 d6 6. Nge2 Rb8 7. Be3 Nd4 8. O-O
b5 9. Qd2 b4 10. Nd1 e6 11. Nc1 Ne7 12. c3 bxc3 13. bxc3 Ndc6 14. Bh6 O-O 15.
Bxg7 Kxg7 16. f4 d5 17. Qf2 d4 18. c4 Qc7 19. g4 f5 20. exf5 gxf5 21. g5 Ng6
22. h4 e5 23. Ne2 Nb4 24. Qg3 exf4 25. Qh3 f3 26. Bxf3 Nxd3 27. h5 Nge5 28. Bd5
f4 29. Qh4 Bg4 30. Qh2 Rf5 31. Nxf4 Nxf4 32. Be4 Nh3+ 33. Kg2 Rxf1 34. Kxf1
Rf8+ 35. Kg2 Nxg5 36. Bd5 Bh3+ 0-1

[Event "WYCC Open U14"]
[Site "Porto Carras"]
[Date "2015.10.25"]
[Round "1.6"]
[White "Lobanov, Sergei"]
[Black "Xu, Jeffrey"]
[Result "1-0"]
[WhiteElo "2394"]
[BlackElo "1930"]
[PlyCount "67"]
[EventDate "2015.??.??"]
[WhiteClock "0:52:12"]
[BlackClock "0:06:13"]

1. e4 e6 2. d4 d5 3. Nc3 Bb4 4. e5 c5 5. Bd2 Nc6 6. Nb5 Bxd2+ 7. Qxd2 Nxd4 8.
Nxd4 cxd4 9. f4 Qb6 10. O-O-O Ne7 11. Nf3 Nc6 12. g4 Bd7 13. h4 O-O-O 14. h5
Kb8 15. Kb1 f6 16. h6 fxe5 17. Nxe5 Nxe5 18. fxe5 gxh6 19. Rxh6 Rdg8 20. Qf4
Qd8 21. Rf6 h6 22. Be2 Rf8 23. Rh1 Rxf6 24. exf6+ Qc7 25. Qxc7+ Kxc7 26. g5 Rf8
27. Rxh6 Kd6 28. b4 a6 29. g6 Rxf6 30. g7 Rxh6 31. g8=Q Rh3 32. Qb8+ Kc6 33. a4
Re3 34. Bd3 1-0

[Event "WYCC Open U14"]
[Site "Porto Carras"]
[Date "2015.10.25"]
[Round "1.7"]
[White "Ramasamy, Vikram"]
[Black "Esipenko, Andrey"]
[Result "0-1"]
[WhiteElo "1926"]
[BlackElo "2384"]
[PlyCount "114"]
[EventDate "2015.??.??"]
[WhiteClock "0:16:19"]
[BlackClock "0:31:09"]

1. e4 e5 2. Bc4 Nc6 3. Nc3 Bc5 4. Qg4 g6 5. Qg3 Nf6 6. d3 Nh5 7. Qf3 O-O 8.
Nge2 Na5 9. Bh6 Ng7 10. O-O-O Nxc4 11. dxc4 Qh4 12. Be3 Bxe3+ 13. Qxe3 c6 14.
g3 Qe7 15. f4 d6 16. Qd3 Rd8 17. c5 Ne8 18. cxd6 Nxd6 19. Qf3 Be6 20. fxe5 Nc4
21. Qf6 Qc7 22. Nf4 Rxd1+ 23. Rxd1 Qxe5 24. Qxe5 Nxe5 25. Nxe6 fxe6 26. b3 Kf7
27. Rf1+ Ke7 28. Kd2 g5 29. h3 Rg8 30. Ke3 Rg6 31. Ne2 Rh6 32. Ng1 c5 33. a3
Nc6 34. c3 Ne5 35. a4 Nc6 36. Kd3 Rg6 37. Ne2 Ne5+ 38. Ke3 Rg8 39. Nc1 Rd8 40.
Ke2 c4 41. b4 a5 42. Rd1 Ra8 43. b5 Nd7 44. Rd4 Nb6 45. e5 Rc8 46. Rg4 h6 47.
h4 Rc5 48. Re4 Nxa4 49. Kd2 Nb6 50. Kc2 Rxb5 51. hxg5 hxg5 52. Ne2 Nd5 53. g4
a4 54. Nd4 Rb6 55. Ne2 a3 56. Nc1 Rb2+ 57. Kd1 Nxc3+ 0-1

[Event "WYCC Open U14"]
[Site "Porto Carras"]
[Date "2015.10.25"]
[Round "1.8"]
[White "Erenberg, Ariel"]
[Black "Petrakis, Stylianos"]
[Result "1-0"]
[WhiteElo "2366"]
[BlackElo "1921"]
[PlyCount "57"]
[EventDate "2015.??.??"]
[WhiteClock "0:36:13"]
[BlackClock "0:38:37"]

1. d4 Nf6 2. c4 g6 3. Nc3 Bg7 4. e4 d6 5. Be2 O-O 6. Nf3 e5 7. O-O Nc6 8. d5
Ne7 9. b4 Nh5 10. Re1 f5 11. Ng5 Nf4 12. Bxf4 exf4 13. Rc1 Bf6 14. Ne6 Bxe6 15.
dxe6 Bxc3 16. Rxc3 fxe4 17. Bg4 f3 18. Rxe4 fxg2 19. Qd2 d5 20. cxd5 Qxd5 21.
Rd4 Qb5 22. Kxg2 Qb6 23. Rc5 c6 24. Rd7 Rae8 25. a3 Nd5 26. Qd4 Nf6 27. e7 Rf7
28. Be6 Nxd7 29. Qxd7 1-0

[Event "WYCC Open U14"]
[Site "Porto Carras"]
[Date "2015.10.25"]
[Round "1.9"]
[White "Anthopoulos, Hristos"]
[Black "Shevchenko, Kirill"]
[Result "0-1"]
[WhiteElo "1920"]
[BlackElo "2359"]
[PlyCount "90"]
[EventDate "2015.??.??"]
[WhiteClock "0:32:31"]
[BlackClock "0:19:00"]

1. e4 c5 2. Nf3 d6 3. d4 cxd4 4. Nxd4 Nf6 5. Nc3 a6 6. Bg5 e6 7. f4 Be7 8. Qf3
Qc7 9. O-O-O h6 10. Bh4 Nbd7 11. Be2 O-O 12. Qg3 Nc5 13. e5 Nfe4 14. Nxe4 Nxe4
15. Qf3 dxe5 16. Bxe7 Qxe7 17. Qxe4 exd4 18. Rxd4 Ra7 19. Bd3 f5 20. Qe5 b5 21.
Re1 Rd7 22. Rxd7 Qxd7 23. h3 Rd8 24. g4 fxg4 25. Qe4 Qd4 26. Qh7+ Kf8 27. hxg4
Qxf4+ 28. Kb1 Qf6 29. a3 Ke7 30. Rf1 Qe5 31. Bg6 Kd6 32. Rf7 Rd7 33. Qg8 Rxf7
34. Bxf7 Kc7 35. Qf8 Bd7 36. Be8 Bxe8 37. Qxe8 Qf6 38. Ka2 e5 39. a4 bxa4 40.
Qxa4 Qe6+ 41. Kb1 e4 42. Qa5+ Kd7 43. g5 e3 44. Kc1 Qe4 45. Kd1 Qf3+ 0-1

[Event "WYCC Open U14"]
[Site "Porto Carras"]
[Date "2015.10.25"]
[Round "1.10"]
[White "Sargsyan, Shant"]
[Black "Coro, Lucas"]
[Result "1-0"]
[WhiteElo "2357"]
[BlackElo "1919"]
[PlyCount "61"]
[EventDate "2015.??.??"]
[WhiteClock "0:35:52"]
[BlackClock "0:00:43"]

1. d4 Nf6 2. c4 g6 3. Nc3 Bg7 4. Bf4 O-O 5. e3 d6 6. h3 Nbd7 7. Nf3 b6 8. Be2
Bb7 9. O-O Ne4 10. Nxe4 Bxe4 11. Nd2 Bb7 12. Bf3 Bxf3 13. Nxf3 e5 14. Bh2 Qe7
15. Qa4 f5 16. Qc6 Rac8 17. dxe5 dxe5 18. Rfd1 Rfd8 19. Rd5 e4 20. Rad1 exf3
21. Rxd7 Rxd7 22. Rxd7 Qe4 23. Qxe4 fxe4 24. gxf3 exf3 25. b3 c6 26. Rxa7 Rd8
27. Bf4 Rd1+ 28. Kh2 h6 29. Kg3 g5 30. Bc7 Rd7 31. Bxb6 1-0

[Event "WYCC Open U14"]
[Site "Porto Carras"]
[Date "2015.10.25"]
[Round "1.11"]
[White "Al-Zaabi, Sultan"]
[Black "Kozak, Adam"]
[Result "0-1"]
[WhiteElo "1917"]
[BlackElo "2349"]
[PlyCount "71"]
[EventDate "2015.??.??"]
[WhiteClock "0:11:45"]
[BlackClock "0:20:45"]

1. d4 Nf6 2. Nf3 d5 3. c4 e6 4. cxd5 exd5 5. Nc3 c6 6. Bg5 Be7 7. Qc2 g6 8. e3
Bf5 9. Bd3 Bxd3 10. Qxd3 O-O 11. h4 Nbd7 12. Ne5 Re8 13. f3 Nh5 14. Bxe7 Qxe7
15. Nxd7 Qxd7 16. O-O-O Ng3 17. Rh3 Qd6 18. e4 dxe4 19. Nxe4 Qf4+ 20. Qd2 Qxd2+
21. Nxd2 Ne2+ 22. Kb1 Nxd4 23. Ne4 Red8 24. f4 Ne6 25. Rxd8+ Rxd8 26. Rf3 Rd1+
27. Kc2 Rd4 28. Nf6+ Kg7 29. Ne8+ Kf8 30. Nf6 Kg7 31. Ne8+ Kf8 32. Nf6 Rxf4 33.
Nxh7+ Kg7 34. Rxf4 Nxf4 35. Ng5 Nxg2 36. Nf3 0-1

[Event "WYCC Open U14"]
[Site "Porto Carras"]
[Date "2015.10.25"]
[Round "1.12"]
[White "Vokhidov, Shamsiddin"]
[Black "Oboladze, Luka"]
[Result "1-0"]
[WhiteElo "2336"]
[BlackElo "1917"]
[PlyCount "43"]
[EventDate "2015.??.??"]

1. e4 c5 2. Nf3 d6 3. Bb5+ Bd7 4. Bxd7+ Qxd7 5. O-O Nf6 6. e5 dxe5 7. Nxe5 Qc7
8. d4 e6 9. Bf4 Bd6 10. Na3 Bxe5 11. Bxe5 Qc6 12. c4 Nbd7 13. d5 exd5 14. cxd5
Qxd5 15. Qxd5 Nxd5 16. Bxg7 Rg8 17. Rfe1+ Kd8 18. Be5 Re8 19. Nc4 Nxe5 20. Nxe5
Ke7 21. Rad1 Nb6 22. Nd7+ 1-0